00545nam a2200169I 4500008004100000100002500041245012600066250001300192260003300205300003300238504003700271650002000308650002000328003000100348005001700349040000900366 1 aGlobus, Joseph Haim.10aNeuroanatomy :ba guide for the study of the form and internal structure of the brain and spinal cord /cby J. H. Globus. a6th ed.  aBaltimore :bW. Wood,c1934. axv, 240 p. :bill. ;c27 cm. a"Books of reference": foot-note. 0aNervous system. 2aNervous System.20230123134448.0 cNUST